PSA schedule of rates for landscape management (Record no. 104790)

MARC details
000 -LEADER
fixed length control field 00880cam a2200229 4500
001 - CONTROL NUMBER
control field ##L131603
008 - FIXED-LENGTH DATA ELEMENTS--GENERAL INFORMATION
fixed length control field 051118n2005 000 0 eng u
020 ## - INTERNATIONAL STANDARD BOOK NUMBER
International Standard Book Number 0117027219
035 ## - SYSTEM CONTROL NUMBER
System control number (Sirsi) u131603
041 0# - LANGUAGE CODE
Language code of text/sound track or separate title eng
050 04 - LIBRARY OF CONGRESS CALL NUMBER
Classification number 692.5 $2 18
110 2# - MAIN ENTRY--CORPORATE NAME
Corporate name or jurisdiction name as entry element Carillion Services
9 (RLIN) 3856
245 00 - TITLE STATEMENT
Title PSA schedule of rates for landscape management
250 ## - EDITION STATEMENT
Edition statement 3rd ed.
260 ## - PUBLICATION, DISTRIBUTION, ETC.
Place of publication, distribution, etc. London
Name of publisher, distributor, etc. TSO
Date of publication, distribution, etc. 2005
300 ## - PHYSICAL DESCRIPTION
Extent 277p.
Dimensions 30cm.
350 ## - PRICE (NR) (BK AM CF MU VM SE) [OBSOLETE]
Price 145
520 ## - SUMMARY, ETC.
Summary, etc. Guide for estimating, tendering and contracting work in the landscape management industry, aimed at measured term contract procurement. Further advice is available in "A guide to measured term contracts: obtaining value for money in building maintenence and repairs" (ISBN 0117025542).
520 ## - SUMMARY, ETC.
Summary, etc. Supersedes second edition (ISBN 0117025151).
690 ## - LOCAL SUBJECT ADDED ENTRY--TOPICAL TERM (OCLC, RLIN)
Topical term or geographic name as entry element BUILT ENVIRONMENT-BUILDING COSTS
942 ## - ADDED ENTRY ELEMENTS (KOHA)
Suppress in OPAC 0
Holdings
Withdrawn status Lost status Source of classification or shelving scheme Damaged status Not for loan Home library Current library Shelving location Date acquired Cost, normal purchase price Total Checkouts Full call number Barcode Date last seen Copy number Cost, replacement price Price effective from Koha item type
    Dewey Decimal Classification     London London Folio 23/12/2005 145.00   F692.5 CAR 30071453 06/08/2019 1 145.00 06/08/2019 Reference material